00512nam a2200121Ia 4500008004100000245008100041245005300122260000900175650005400184856006000238999001900298952007300317171204s9999 xx 000 0 und d aDiscourse And Digital Practices: Doing Discourse Analysis In The Digital Age cAlice Chik, Christoph A Hafner, and Rodney H Jon c2015 xDIGITAL INFORMATION AND COMMUNICATION DEVELOPMENT uhttp://down.ebook777.com/013/DiAnDiPrDoDiAnInThDiAg.pdf c346304d346304 001040aCLbCLd2017-12-04l0r2017-12-04 00:00:00w2017-12-04yCBE